| 000 | 00799nam a22002057a 4500 | ||
|---|---|---|---|
| 005 | 20230711095006.0 | ||
| 008 | 230711b ||||| |||| 00| 0 eng d | ||
| 040 | _cAL | ||
| 041 | _amal | ||
| 082 |
_223 _a894.8123 _bNAIV |
||
| 100 |
_aM T Vasudevan Nair: എം ടി വാസുദേവൻ നായർ _9126364 |
||
| 245 |
_aVedanayuta Pookkal: _bവേദനയുടെ പൂക്കൾ |
||
| 260 |
_aThrissur _bPhoenix Books _c1994 |
||
| 300 |
_a102p. _bPB _c18x12cm. |
||
| 365 |
_2Malayalam _b18.00 _c₹ _d18.00 |
||
| 650 |
_aMalayalam Fiction: മലയാളം ഫിക്ഷൻ _9126361 |
||
| 650 |
_aMalayalam Novel: മലയാളം നോവൽ _9126362 |
||
| 700 |
_aNAIR (M T Vasudevan): നായർ (എം ടി വാസുദേവൻ) _9126363 |
||
| 942 |
_2ddc _cDB |
||
| 999 |
_c227799 _d227799 |
||